000 00790nam a2200241Ia 4500
003 OSt
005 20220927105737.0
006 a|||||r|||| 00| 0
007 ta
008 220926b |||||||| |||| 00| 0 eng d
024 _a197441
037 _cReference Collections
040 _aRTL
_cRTL
_beng
041 _2eng
_aeng
082 _a"D6,9(B),2771, Q3/UN"
100 _aUNITED NATIONS INSTITUTE FOR DISARMAMENT RESEARCH
_9374669
245 0 _aCyber index
_b International security trends and realities
260 _aNew
_b"York, United Nations, "
_c2013
300 _a"xii, 140p"
_ccm.
500 _aBibliography chapterwise
942 _h"D6,9(B),2771, Q3/UN"
_cCC
999 _c694333
_d694333